| Tag |
First Indicator |
Second Indicator |
Subfields |
| LEADER |
00000cam a2200000 a 4500 |
| 001 |
in00002054413 |
| 005 |
20151101063719.0 |
| 008 |
031021s2004 mduab b 001 0 eng |
| 010 |
|
|
|a 2003023211
|
| 020 |
|
|
|a 0801878780 (alk. paper)
|
| 035 |
|
|
|a (OCoLC)ocm53284987
|
| 040 |
|
|
|a DLC
|c DLC
|d TXA
|d UtOrBLW
|
| 043 |
|
|
|a n-us---
|
| 049 |
|
|
|a TXAM
|
| 050 |
0 |
0 |
|a E160
|b .A578 2004
|
| 082 |
0 |
0 |
|a 388.1/0973
|2 22
|
| 245 |
0 |
0 |
|a America's national park roads and parkways :
|b drawings from the Historic American Engineering Record /
|c Timothy Davis, Todd A. Croteau, and Christopher H. Marston, editors ; introductory essay by Tim Davis ; and foreword by Eric Delony.
|
| 264 |
|
1 |
|a Baltimore :
|b Johns Hopkins University Press,
|c 2004.
|
| 300 |
|
|
|a xii, 379 pages :
|b illustrations, maps ;
|c 29 x 44 cm.
|
| 336 |
|
|
|a text
|b txt
|2 rdacontent
|
| 337 |
|
|
|a unmediated
|b n
|2 rdamedia
|
| 338 |
|
|
|a volume
|b nc
|2 rdacarrier
|
| 490 |
1 |
|
|a The road and American culture
|
| 500 |
|
|
|a "Published in cooperation with the Center for American Places, Santa Fe, New Mexico, and Staunton, Virginia"--Half title page.
|
| 504 |
|
|
|a Includes bibliographical references and index.
|
| 650 |
|
0 |
|a National parks and reserves
|z United States
|v Pictorial works.
|
| 650 |
|
0 |
|a Roads
|z United States
|v Pictorial works.
|
| 650 |
|
0 |
|a Parkways
|z United States
|v Pictorial works.
|
| 650 |
|
0 |
|a Bridges
|z United States
|v Pictorial works.
|
| 650 |
|
0 |
|a Historic sites
|z United States
|v Pictorial works.
|
| 650 |
|
0 |
|a Roads
|z United States
|x Design and construction.
|
| 650 |
|
0 |
|a Parkways
|z United States
|x Design and construction.
|
| 650 |
|
0 |
|a Bridges
|z United States
|x Design and construction.
|
| 651 |
|
0 |
|a United States
|v Pictorial works.
|
| 651 |
|
0 |
|a United States
|x History, Local.
|
| 700 |
1 |
|
|a Davis, Timothy,
|d 1958-
|
| 700 |
1 |
|
|a Croteau, Todd A.
|
| 700 |
1 |
|
|a Marston, Christopher H.
|
| 710 |
2 |
|
|a Historic American Engineering Record.
|
| 830 |
|
0 |
|a Road and American culture.
|
| 856 |
4 |
1 |
|3 Table of contents
|u http://www.loc.gov/catdir/toc/ecip0410/2003023211.html
|t 0
|
| 948 |
|
|
|a cataloged
|b h
|c 2005/6/17
|d c
|e dmitchel
|f 2:00:00 pm
|
| 994 |
|
|
|a C0
|b TXA
|
| 999 |
|
|
|a MARS
|
| 999 |
f |
f |
|s 917fc9d0-0d60-33fa-bd65-cc453b7ced43
|i 3e3cff07-46a2-3fe0-8ed6-c81ec7beea9e
|t 0
|
| 952 |
f |
f |
|p ric
|a Texas A&M University
|b Rellis Campus
|c Joint Library Facility
|d Remote Storage
|t 0
|e E160 .A578 2004
|f Oversize
|h Library of Congress classification
|i unmediated -- volume
|m A14833137948
|
| 952 |
f |
f |
|p ric
|a Texas A&M University
|b Rellis Campus
|c Joint Library Facility
|d Remote Storage
|t 0
|e E160 .A578 2004
|f Oversize
|h Library of Congress classification
|i unmediated -- volume
|m A14833813984
|
| 998 |
f |
f |
|a E160 .A578 2004
|t 0
|l Remote Storage
|
| 998 |
f |
f |
|a E160 .A578 2004
|t 0
|l Remote Storage
|